000 01112nam a2200241 a 4500
001 43375
003 BD-RjUL
005 20211209053705.0
008 160621s1940 enka 000 0 eng d
035 _a(BD-RjUL) 43493
040 _aDLC
_cIBA
_dEQO
_dBD-RjUL
_beng
041 _aeng
082 _223
_a370
_bALE 1940
100 1 _aAlexander, William Picken,
_9133222
245 1 4 _aThe educational needs of democracy /
_cby W. P. Alexander ; with a foreword by Sir Frederick Mander
260 _aLondon :
_bUniversity of London Press,
_c1940
300 _aix, 108 p. :
_bill. ;
_c19 cm
500 _a"First printed March 1940."
500 _aA series of lectures delivered on behalf of the National union of teachers and the Board of education to various educational bodies during the past two years. cf. Pref
505 0 _aThe psychological basis of education.--The significance of individual factors.--School organisation based on the hierarchic theory.--The backward child.--Methods of selection for post-primary education.--The educational frontier
650 0 _aEducation
_9133223
942 _2ddc
_cBK
999 _c43375
_d43375